Представление документа в формате RUSMARC

ПолеНазваниеЗначение
  Тип записи a
  Библиографический уровень m
001 Контрольный номер 658a20d580d042128e14991910bfe9b6
005 Дата корректировки 20160926104323.6
010 Индекс ISBN __
a ISBN 978-5-9916-2927-0
101 Язык документа 0_
a Язык текста rus
102 Страна публикации __
a Страна публикации RU
200 Заглавие и сведения об ответственности 1_
a Заглавие Теория менеджмента
e Сведения, относящиеся к заглавию учеб. для бакалавров
b Общее обозначение материала Текст
f Первые сведения об ответственности под ред. В. Я. Афанасьева
g Последующие сведения об ответственности Гос. ун-т управления
205 Сведения об издании __
a Основные сведения об издании 2-е изд.
210 Выходные данные 1_
c Издательство Юрайт
a Место издания Москва
d Дата издания 2014
215 Физическое описание __
a Объем 665, [1] с.
225 Серия 2_
a Серия Бакалавр. Углубленный курс
300 Общие примечания __
a Общие примечания Авт. указан на обороте тит. л.
610 Ключевые слова 0_
a Ключевые слова корпоративный менеджмент
610 Ключевые слова 0_
a Ключевые слова социальное управление
610 Ключевые слова 0_
a Ключевые слова личность
610 Ключевые слова 0_
a Ключевые слова трудовая группа
610 Ключевые слова 0_
a Ключевые слова лидерство
610 Ключевые слова 0_
a Ключевые слова аутсорсинг
610 Ключевые слова 0_
a Ключевые слова организационное поведение
610 Ключевые слова 0_
a Ключевые слова управление инновациями
610 Ключевые слова 0_
a Ключевые слова инновационное предпринимательство
a Ключевые слова инновационный менеджмент
610 Ключевые слова 0_
a Ключевые слова риски
a Ключевые слова гриф УМО
a Ключевые слова учебник
686 Индексы других классификаций __
a Классификационный индекс 65.291.21я73
a Классификационный индекс 65.291.551-24
2 Код системы rubbk
700 Автор _1
a Фамилия Афанасьев
b Имя В. Я.
702 Вторичная интеллектуальная ответственность _1
a Фамилия Афанасьев
b Имя В. Я.
g Полное личное имя Валентин Яковлевич
4 Код отношения 340
711 Наименование организации. (Альтернативная ответственность) 02
a Организация/ юрисдикция Гос. ун-т управления
801 Источник записи _0
a Страна RU
b Организация РУК
c Дата составления 20140306
g Правила каталогизации PSBO
801 Источник записи _1
a Страна RU
b Организация РУК
c Дата составления 20160926
g Правила каталогизации PSBO
852 Данные о местонахождении __
i Авторский знак А 94
j Шифр хранения ББК 65.291.21
901 Тип документа __
t Тип документа m
938 Служебная информация __
a Название организации Головной вуз
b Имя БД BOOK
c Название АИБС АИБС ИРБИС
952 Тип литературы __
b Гриф литературы для ВШ гриф УМО
c Вид литературы учебник